[Event "56th Hull Congress"]
[Site "Hull"]
[Date "2019.11.03"]
[Round "4"]
[Board "15"]
[White "Merriman, James"]
[Black "Varley, Joe"]
[Result "1-0"]
[WhiteElo "1891"]
[BlackElo "1589"]
[PlyCount "0"]
[EventDate "2019.11.01"]
[EventRounds "5"]
[EventCountry "ENG"]

1. d4 {[%clk 01:19:27]} {[%emt 00:11:31]} Nf6 {[%clk 01:30:52]} {[%emt
00:00:09]} 2. c4 {[%clk 01:19:50]} {[%emt 00:00:07]} g6 {[%clk 01:31:14]}
{[%emt 00:00:09]} 3. Nc3 {[%clk 01:20:14]} {[%emt 00:00:06]} d5 {[%clk
01:31:36]} {[%emt 00:00:09]} 4. Nf3 {[%clk 01:20:22]} {[%emt 00:00:20]} Bg7
{[%clk 01:31:57]} {[%emt 00:00:08]} 5. Bf4 {[%clk 01:20:33]} {[%emt 00:00:20]}
O-O {[%clk 01:32:11]} {[%emt 00:00:16]} 6. Rc1 {[%clk 01:20:34]} {[%emt
00:00:28]} dxc4 {[%clk 01:31:06]} {[%emt 00:01:37]} 7. e3 {[%clk 01:20:52]}
{[%emt 00:00:11]} c5 {[%clk 01:25:16]} {[%emt 00:06:21]} 8. dxc5 {[%clk
01:19:38]} {[%emt 00:01:43]} Qa5 {[%clk 01:24:56]} {[%emt 00:00:49]} 9. Bxc4
{[%clk 01:18:24]} {[%emt 00:01:45]} Ne4 {[%clk 01:22:34]} {[%emt 00:02:53]} 10.
Be5 {[%clk 01:16:48]} {[%emt 00:02:06]} Rd8 {[%clk 01:16:17]} {[%emt 00:06:47]}
11. Qc2 {[%clk 01:15:13]} {[%emt 00:02:03]} Bf5 {[%clk 01:12:32]} {[%emt
00:04:16]} 12. Qb3 {[%clk 01:07:18]} {[%emt 00:08:26]} Nxc5 {[%clk 01:08:21]}
{[%emt 00:04:41]} 13. Qb5 {[%clk 01:05:39]} {[%emt 00:02:08]} Nc6 {[%clk
01:04:06]} {[%emt 00:04:46]} 14. Bxg7 {[%clk 01:00:52]} {[%emt 00:05:17]} Kxg7
{[%clk 01:01:05]} {[%emt 00:03:31]} 15. O-O {[%clk 00:59:27]} {[%emt 00:01:53]}
Rac8 {[%clk 00:52:51]} {[%emt 00:08:45]} 16. Nd4 {[%clk 00:50:45]} {[%emt
00:09:13]} Be4 {[%clk 00:40:47]} {[%emt 00:12:34]} 17. Nxe4 {[%clk 00:35:03]}
{[%emt 00:16:11]} Qxb5 {[%clk 00:40:11]} {[%emt 00:01:07]} 18. Bxb5 {[%clk
00:34:06]} {[%emt 00:01:28]} Nxd4 {[%clk 00:38:46]} {[%emt 00:01:54]} 19. Rxc5
{[%clk 00:33:33]} {[%emt 00:01:04]} Rxc5 {[%clk 00:39:01]} {[%emt 00:00:15]} 20.
Nxc5 {[%clk 00:33:52]} {[%emt 00:00:09]} Nxb5 {[%clk 00:39:23]} {[%emt
00:00:08]} 21. Nxb7 {[%clk 00:34:14]} {[%emt 00:00:09]} Rd2 {[%clk 00:39:05]}
{[%emt 00:00:48]} 22. Rb1 {[%clk 00:34:24]} {[%emt 00:00:20]} Nc7 {[%clk
00:36:40]} {[%emt 00:02:55]} 23. Nc5 {[%clk 00:33:58]} {[%emt 00:00:55]} Nb5
{[%clk 00:30:25]} {[%emt 00:06:45]} 24. Ne4 {[%clk 00:30:03]} {[%emt 00:04:26]}
Rc2 {[%clk 00:30:34]} {[%emt 00:00:21]} 25. a4 {[%clk 00:29:12]} {[%emt
00:01:21]} Rc4 {[%clk 00:28:37]} {[%emt 00:02:26]} 26. axb5 {[%clk 00:28:12]}
{[%emt 00:01:31]} Rxe4 {[%clk 00:28:51]} {[%emt 00:00:14]} 27. Ra1 {[%clk
00:28:33]} {[%emt 00:00:10]} Rb4 {[%clk 00:29:09]} {[%emt 00:00:13]} 28. Rxa7
{[%clk 00:28:57]} {[%emt 00:00:06]} Rxb2 {[%clk 00:29:32]} {[%emt 00:00:07]} 29.
g3 {[%clk 00:29:11]} {[%emt 00:00:15]} Rxb5 {[%clk 00:29:41]} {[%emt 00:00:22]}
30. Rxe7 {[%clk 00:29:32]} {[%emt 00:00:08]} Kf6 {[%clk 00:29:31]} {[%emt
00:00:40]} 31. Rc7 {[%clk 00:29:52]} {[%emt 00:00:10]} Rb6 {[%clk 00:28:18]}
{[%emt 00:01:44]} 32. f4 {[%clk 00:29:59]} {[%emt 00:00:22]} Rb2 {[%clk
00:28:31]} {[%emt 00:00:18]} 33. e4 {[%clk 00:30:14]} {[%emt 00:00:14]} Rb5
{[%clk 00:27:18]} {[%emt 00:01:45]} 34. e5+ {[%clk 00:30:17]} {[%emt 00:00:25]}
Ke6 {[%clk 00:26:58]} {[%emt 00:00:50]} 35. Kg2 {[%clk 00:30:13]} {[%emt
00:00:34]} Ra5 {[%clk 00:27:13]} {[%emt 00:00:16]} 36. Rc8 {[%clk 00:30:10]}
{[%emt 00:00:33]} Ke7 {[%clk 00:26:33]} {[%emt 00:01:10]} 37. Kh3 {[%clk
00:29:56]} {[%emt 00:00:42]} Ra2 {[%clk 00:26:10]} {[%emt 00:00:56]} 38. Rc7+
{[%clk 00:29:53]} {[%emt 00:00:32]} Ke6 {[%clk 00:26:26]} {[%emt 00:00:14]} 39.
Rb7 {[%clk 00:28:32]} {[%emt 00:01:50]} Ra6 {[%clk 00:25:54]} {[%emt 00:01:04]}
40. Kg4 {[%clk 00:28:37]} {[%emt 00:00:21]} Ra2 {[%clk 00:22:59]} {[%emt
00:03:29]} 41. h3 {[%clk 00:28:23]} {[%emt 00:00:41]} Ra3 {[%clk 00:22:08]}
{[%emt 00:01:23]} 42. Kh4 {[%clk 00:26:33]} {[%emt 00:02:10]} Ra6 {[%clk
00:19:25]} {[%emt 00:03:23]} 43. Rb8 {[%clk 00:26:23]} {[%emt 00:00:35]} Rc6
{[%clk 00:18:53]} {[%emt 00:01:07]} 44. Rd8 {[%clk 00:26:33]} {[%emt 00:00:20]}
Ke7 {[%clk 00:18:13]} {[%emt 00:01:10]} 45. Rh8 {[%clk 00:26:13]} {[%emt
00:00:50]} h5 {[%clk 00:18:33]} {[%emt 00:00:10]} 46. Ra8 {[%clk 00:25:35]}
{[%emt 00:01:08]} Rc4 {[%clk 00:17:21]} {[%emt 00:01:43]} 47. Ra6 {[%clk
00:25:22]} {[%emt 00:00:42]} Rc3 {[%clk 00:17:29]} {[%emt 00:00:23]} 48. Rf6
{[%clk 00:24:44]} {[%emt 00:01:04]} Rd3 {[%clk 00:17:23]} {[%emt 00:00:39]} 49.
f5 {[%clk 00:24:08]} {[%emt 00:01:06]} g5+ {[%clk 00:14:18]} {[%emt 00:03:35]}
50. Kxg5 {[%clk 00:21:46]} {[%emt 00:02:50]} Rxg3+ {[%clk 00:14:23]} {[%emt
00:00:27]} 51. Kxh5 {[%clk 00:22:10]} {[%emt 00:00:06]} Rxh3+ {[%clk 00:14:42]}
{[%emt 00:00:11]} 52. Kg4 {[%clk 00:22:28]} {[%emt 00:00:09]} Rh1 {[%clk
00:13:52]} {[%emt 00:01:22]} 53. Ra6 {[%clk 00:22:45]} {[%emt 00:00:14]} Rg1+
{[%clk 00:13:53]} {[%emt 00:00:29]} 54. Kf4 {[%clk 00:22:54]} {[%emt 00:00:19]}
Rf1+ {[%clk 00:14:15]} {[%emt 00:00:10]} 55. Ke4 {[%clk 00:23:14]} {[%emt
00:00:09]} Re1+ {[%clk 00:14:29]} {[%emt 00:00:17]} 56. Kd5 {[%clk 00:22:47]}
{[%emt 00:00:51]} Rd1+ {[%clk 00:14:46]} {[%emt 00:00:20]} 57. Kc4 {[%clk
00:22:55]} {[%emt 00:00:19]} Rc1+ {[%clk 00:13:52]} {[%emt 00:01:26]} 58. Kd3
{[%clk 00:23:06]} {[%emt 00:00:12]} Rd1+ {[%clk 00:14:00]} {[%emt 00:00:28]} 59.
Kc4 {[%clk 00:22:42]} {[%emt 00:00:51]} Rc1+ {[%clk 00:13:19]} {[%emt
00:00:31]} 60. Kd5 {[%clk 00:22:57]} {[%emt 00:01:00]} Rd1+ {[%clk 00:13:33]}
{[%emt 00:00:16]} 61. Kc6 {[%clk 00:23:20]} {[%emt 00:00:06]} Rc1+ {[%clk
00:13:20]} {[%emt 00:00:44]} 62. Kb7 {[%clk 00:23:37]} {[%emt 00:00:12]} Rc5
{[%clk 00:12:06]} {[%emt 00:01:44]} 63. f6 {[%clk 00:23:23]} {[%emt 00:00:45]}
Ke8 {[%clk 00:12:16]} {[%emt 00:00:18]} 64. Rd6 {[%clk 00:17:13]} {[%emt
00:06:41]} Rxe5 {[%clk 00:10:22]} {[%emt 00:02:24]} 65. Kc7 {[%clk 00:16:46]}
{[%emt 00:00:55]} Rc5+ {[%clk 00:10:39]} {[%emt 00:00:15]} 66. Rc6 {[%clk
00:17:03]} {[%emt 00:00:13]} Rd5 {[%clk 00:08:57]} {[%emt 00:02:11]} 67. Rb6
{[%clk 00:16:51]} {[%emt 00:00:43]} Rd8 {[%clk 00:08:05]} {[%emt 00:01:21]} 68.
Ra6 {[%clk 00:14:32]} {[%emt 00:02:49]} Rd7+ {[%clk 00:08:17]} {[%emt
00:00:19]} 69. Kc6 {[%clk 00:14:50]} {[%emt 00:00:09]} Rd8 {[%clk 00:08:20]}
{[%emt 00:00:29]} 70. Ra7 {[%clk 00:14:50]} {[%emt 00:00:27]} Kf8 {[%clk
00:06:47]} {[%emt 00:02:07]} 71. Rd7 {[%clk 00:13:55]} {[%emt 00:01:24]} Re8
{[%clk 00:06:57]} {[%emt 00:00:21]} 72. Kc7 {[%clk 00:14:09]} {[%emt 00:00:13]}
Kg8 {[%clk 00:07:09]} {[%emt 00:00:21]} 73. Rd8 {[%clk 00:14:16]} {[%emt
00:00:24]} Kf8 {[%clk 00:06:02]} {[%emt 00:01:36]} 74. Kd7 {[%clk 00:14:38]}
{[%emt 00:00:08]} {1}  1-0

[Event "56th Hull Congress"]
[Site "Hull"]
[Date "2019.11.03"]
[Round "4"]
[Board "16"]
[White "Maladkar, Ritika"]
[Black "Ross, Stuart"]
[Result "1/2-1/2"]
[WhiteElo "1547"]
[BlackElo "1636"]
[PlyCount "0"]
[EventDate "2019.11.01"]
[EventRounds "5"]
[EventCountry "ENG"]

1. c4 {[%clk 01:30:57]} {[%emt 00:00:02]} Nf6 {[%clk 01:30:56]} {[%emt
00:00:03]} 2. Nc3 {[%clk 01:31:10]} {[%emt 00:00:17]} e6 {[%clk 01:31:16]}
{[%emt 00:00:10]} 3. e4 {[%clk 01:31:36]} {[%emt 00:00:05]} d5 {[%clk
01:31:32]} {[%emt 00:00:14]} 4. e5 {[%clk 01:31:53]} {[%emt 00:00:13]} d4
{[%clk 01:31:02]} {[%emt 00:00:58]} 5. exf6 {[%clk 01:32:06]} {[%emt 00:00:18]}
dxc3 {[%clk 01:31:18]} {[%emt 00:00:14]} 6. bxc3 {[%clk 01:30:00]} {[%emt
00:02:37]} Qxf6 {[%clk 01:31:42]} {[%emt 00:00:05]} 7. Nf3 {[%clk 01:29:00]}
{[%emt 00:01:30]} b6 {[%clk 01:31:25]} {[%emt 00:00:48]} 8. d4 {[%clk
01:28:39]} {[%emt 00:00:51]} Bb7 {[%clk 01:31:35]} {[%emt 00:00:19]} 9. Be2
{[%clk 01:26:14]} {[%emt 00:02:55]} h6 {[%clk 01:31:49]} {[%emt 00:00:15]} 10.
O-O {[%clk 01:25:37]} {[%emt 00:01:08]} Bd6 {[%clk 01:29:05]} {[%emt 00:03:14]}
11. Re1 {[%clk 01:20:41]} {[%emt 00:05:27]} O-O {[%clk 01:27:33]} {[%emt
00:02:00]} 12. Qc2 {[%clk 01:18:51]} {[%emt 00:02:22]} Nc6 {[%clk 01:22:05]}
{[%emt 00:05:57]} 13. Rb1 {[%clk 01:16:26]} {[%emt 00:02:56]} Rab8 {[%clk
01:17:09]} {[%emt 00:05:22]} 14. Nd2 {[%clk 01:08:38]} {[%emt 00:08:22]} Na5
{[%clk 01:02:59]} {[%emt 00:14:39]} 15. Bd3 {[%clk 00:49:45]} {[%emt 00:19:21]}
Qh4 {[%clk 00:47:45]} {[%emt 00:15:44]} 16. h3 {[%clk 00:46:09]} {[%emt
00:04:08]} Qf4 {[%clk 00:40:55]} {[%emt 00:07:19]} 17. Nf3 {[%clk 00:39:33]}
{[%emt 00:07:07]} Qf6 {[%clk 00:40:55]} {[%emt 00:00:30]} 18. Ne5 {[%clk
00:39:07]} {[%emt 00:00:56]} Bxe5 {[%clk 00:37:26]} {[%emt 00:03:59]} 19. Rxe5
{[%clk 00:37:16]} {[%emt 00:02:22]} g5 {[%clk 00:32:51]} {[%emt 00:05:04]} 20.
Re3 {[%clk 00:24:58]} {[%emt 00:12:46]} Kh8 {[%clk 00:30:43]} {[%emt 00:02:39]}
21. c5 {[%clk 00:19:27]} {[%emt 00:06:03]} Nc6 {[%clk 00:22:46]} {[%emt
00:08:27]} 22. Bb2 {[%clk 00:15:51]} {[%emt 00:04:07]} Rbd8 {[%clk 00:18:16]}
{[%emt 00:04:56]} 23. Qa4 {[%clk 00:09:01]} {[%emt 00:07:23]} Kg8 {[%clk
00:09:59]} {[%emt 00:08:46]} 24. Be4 {[%clk 00:07:42]} {[%emt 00:01:50]} Na5
{[%clk 00:09:21]} {[%emt 00:01:08]} 25. Bxb7 {[%clk 00:05:50]} {[%emt
00:02:23]} Nxb7 {[%clk 00:09:46]} {[%emt 00:00:04]} 26. Qxa7 {[%clk 00:04:31]}
{[%emt 00:01:49]} Qf5 {[%clk 00:08:14]} {[%emt 00:02:01]} 27. Rc1 {[%clk
00:03:07]} {[%emt 00:01:55]} bxc5 {[%clk 00:07:18]} {[%emt 00:01:24]}  1/2-1/2

[Event "56th Hull Congress"]
[Site "Hull"]
[Date "2019.11.03"]
[Round "4"]
[Board "17"]
[White "Sheppard, Derek A"]
[Black "Bettley, Andrew D"]
[Result "1/2-1/2"]
[WhiteElo "1717"]
[BlackElo "1492"]
[PlyCount "0"]
[EventDate "2019.11.01"]
[EventRounds "5"]
[EventCountry "ENG"]

1. d4 {[%clk 01:30:55]} {[%emt 00:00:04]} d5 {[%clk 01:30:56]} {[%emt
00:00:05]} 2. Nf3 {[%clk 01:31:19]} {[%emt 00:00:05]} Nf6 {[%clk 01:31:24]}
{[%emt 00:00:03]} 3. c4 {[%clk 01:31:40]} {[%emt 00:00:08]} e6 {[%clk
01:31:21]} {[%emt 00:00:33]} 4. cxd5 {[%clk 01:32:01]} {[%emt 00:00:09]} exd5
{[%clk 01:31:39]} {[%emt 00:00:12]} 5. Nc3 {[%clk 01:32:18]} {[%emt 00:00:12]}
Be7 {[%clk 01:30:28]} {[%emt 00:01:42]} 6. Bg5 {[%clk 01:28:15]} {[%emt
00:04:33]} c6 {[%clk 01:28:26]} {[%emt 00:02:32]} 7. Bxf6 {[%clk 01:25:04]}
{[%emt 00:03:41]} Bxf6 {[%clk 01:28:44]} {[%emt 00:00:12]} 8. e3 {[%clk
01:21:23]} {[%emt 00:04:10]} Bf5 {[%clk 01:25:06]} {[%emt 00:04:08]} 9. b4
{[%clk 01:20:51]} {[%emt 00:01:02]} a6 {[%clk 01:21:33]} {[%emt 00:04:04]} 10.
Bd3 {[%clk 01:20:08]} {[%emt 00:01:12]} Bxd3 {[%clk 01:20:37]} {[%emt
00:01:27]} 11. Qxd3 {[%clk 01:20:29]} {[%emt 00:00:09]} Qd6 {[%clk 01:20:59]}
{[%emt 00:00:08]} 12. Rb1 {[%clk 01:16:49]} {[%emt 00:04:09]} Nd7 {[%clk
01:18:59]} {[%emt 00:02:30]} 13. O-O {[%clk 01:13:17]} {[%emt 00:04:03]} O-O
{[%clk 01:14:38]} {[%emt 00:04:51]} 14. a4 {[%clk 01:13:14]} {[%emt 00:00:32]}
Bd8 {[%clk 01:09:16]} {[%emt 00:05:50]} 15. Rfc1 {[%clk 01:10:40]} {[%emt
00:03:05]} f5 {[%clk 01:03:16]} {[%emt 00:06:29]}  1/2-1/2

[Event "56th Hull Congress"]
[Site "Hull"]
[Date "2019.11.03"]
[Round "4"]
[Board "18"]
[White "Murphy, Ross"]
[Black "Maladkar, Lavanya"]
[Result "1/2-1/2"]
[WhiteElo "1651"]
[BlackElo "1648"]
[PlyCount "0"]
[EventDate "2019.11.01"]
[EventRounds "5"]
[EventCountry "ENG"]

1. d4 {[%clk 01:30:56]} {[%emt 00:00:04]} d5 {[%clk 01:30:52]} {[%emt
00:00:09]} 2. c4 {[%clk 01:31:16]} {[%emt 00:00:10]} e6 {[%clk 01:29:58]}
{[%emt 00:01:25]} 3. g3 {[%clk 01:31:35]} {[%emt 00:00:09]} c5 {[%clk
01:26:34]} {[%emt 00:03:55]} 4. cxd5 {[%clk 01:31:46]} {[%emt 00:00:19]} Qxd5
{[%clk 01:25:10]} {[%emt 00:01:55]} 5. Nf3 {[%clk 01:32:08]} {[%emt 00:00:07]}
Nc6 {[%clk 01:21:54]} {[%emt 00:03:46]} 6. Nc3 {[%clk 01:32:18]} {[%emt
00:00:18]} Qd8 {[%clk 01:21:13]} {[%emt 00:01:14]} 7. Be3 {[%clk 01:32:26]}
{[%emt 00:00:21]} cxd4 {[%clk 01:11:55]} {[%emt 00:09:49]} 8. Nxd4 {[%clk
01:32:46]} {[%emt 00:00:10]} Nxd4 {[%clk 01:03:05]} {[%emt 00:09:21]} 9. Qxd4
{[%clk 01:33:07]} {[%emt 00:00:08]} Bd7 {[%clk 01:02:44]} {[%emt 00:00:53]} 10.
Bg2 {[%clk 01:33:28]} {[%emt 00:00:08]} Bc6 {[%clk 00:59:11]} {[%emt 00:04:04]}
11. Qxd8+ {[%clk 01:33:18]} {[%emt 00:00:38]} Kxd8 {[%clk 00:57:43]} {[%emt
00:02:00]} 12. Bxc6 {[%clk 01:33:38]} {[%emt 00:00:09]} bxc6 {[%clk 00:58:09]}
{[%emt 00:00:04]} 13. Rd1+ {[%clk 01:33:20]} {[%emt 00:00:46]} Ke8 {[%clk
00:57:57]} {[%emt 00:00:44]} 14. O-O {[%clk 01:33:34]} {[%emt 00:00:17]} Nf6
{[%clk 00:58:01]} {[%emt 00:00:26]} 15. Bd4 {[%clk 01:32:52]} {[%emt 00:01:10]}
Be7 {[%clk 00:57:51]} {[%emt 00:00:41]} 16. e4 {[%clk 01:32:48]} {[%emt
00:00:31]} h5 {[%clk 00:51:17]} {[%emt 00:07:49]} 17. Rd2 {[%clk 01:33:26]}
{[%emt 00:00:11]} Rg8 {[%clk 00:46:20]} {[%emt 00:05:27]} 18. Rfd1 {[%clk
01:33:48]} {[%emt 00:00:07]} c5 {[%clk 00:44:00]} {[%emt 00:02:51]} 19. Bxf6
{[%clk 01:33:58]} {[%emt 00:00:20]} Bxf6 {[%clk 00:43:48]} {[%emt 00:00:42]} 20.
Nb5 {[%clk 01:33:11]} {[%emt 00:01:16]} Rb8 {[%clk 00:38:53]} {[%emt 00:05:25]}
21. Nc7+ {[%clk 01:31:27]} {[%emt 00:02:12]} Kf8 {[%clk 00:38:48]} {[%emt
00:00:36]} 22. b3 {[%clk 01:30:59]} {[%emt 00:00:58]} Bd4 {[%clk 00:37:45]}
{[%emt 00:01:34]} 23. Na6 {[%clk 01:30:19]} {[%emt 00:01:09]} Rc8 {[%clk
00:34:03]} {[%emt 00:04:13]} 24. b4 {[%clk 01:27:36]} {[%emt 00:03:13]} Ke7
{[%clk 00:31:25]} {[%emt 00:03:08]} 25. bxc5 {[%clk 01:26:16]} {[%emt
00:01:48]} e5 {[%clk 00:29:06]} {[%emt 00:02:50]} 26. Rb1 {[%clk 01:21:25]}
{[%emt 00:05:20]} Rgd8 {[%clk 00:24:53]} {[%emt 00:04:44]} 27. Rc2 {[%clk
01:19:49]} {[%emt 00:02:05]} Rd7 {[%clk 00:18:55]} {[%emt 00:06:30]} 28. c6
{[%clk 01:19:40]} {[%emt 00:00:38]} Rd6 {[%clk 00:18:11]} {[%emt 00:01:15]}
 1/2-1/2

[Event "56th Hull Congress"]
[Site "Hull"]
[Date "2019.11.03"]
[Round "5"]
[Board "2"]
[White "Milson, Samuel A"]
[Black "Wall, Tim P"]
[Result "1/2-1/2"]
[WhiteElo "2080"]
[BlackElo "2243"]
[PlyCount "0"]
[EventDate "2019.11.01"]
[EventRounds "5"]
[EventCountry "ENG"]

1. e4 {[%clk 01:30:57]} {[%emt 00:00:02]} Nf6 {[%clk 01:29:37]} {[%emt
00:01:23]} 2. Nc3 {[%clk 01:30:53]} {[%emt 00:00:35]} d5 {[%clk 01:29:29]}
{[%emt 00:00:37]} 3. e5 {[%clk 01:31:10]} {[%emt 00:00:13]} Nfd7 {[%clk
01:29:31]} {[%emt 00:00:28]} 4. d4 {[%clk 01:31:00]} {[%emt 00:00:41]} e6
{[%clk 01:29:09]} {[%emt 00:00:51]} 5. f4 {[%clk 01:30:59]} {[%emt 00:00:32]}
c5 {[%clk 01:29:29]} {[%emt 00:00:09]} 6. Nf3 {[%clk 01:31:16]} {[%emt
00:00:14]} Nc6 {[%clk 01:29:51]} {[%emt 00:00:08]} 7. Ne2 {[%clk 01:30:31]}
{[%emt 00:01:15]} b6 {[%clk 01:17:27]} {[%emt 00:12:54]} 8. c3 {[%clk
01:27:41]} {[%emt 00:03:19]} Ba6 {[%clk 01:17:02]} {[%emt 00:00:56]} 9. Be3
{[%clk 01:27:23]} {[%emt 00:00:48]} Be7 {[%clk 01:16:22]} {[%emt 00:01:09]} 10.
g3 {[%clk 01:25:47]} {[%emt 00:02:05]} h5 {[%clk 01:06:51]} {[%emt 00:10:02]}
11. h4 {[%clk 01:23:46]} {[%emt 00:02:31]} g6 {[%clk 01:05:43]} {[%emt
00:01:37]} 12. Bh3 {[%clk 01:23:24]} {[%emt 00:00:52]} Qc7 {[%clk 01:00:45]}
{[%emt 00:05:29]} 13. Ng5 {[%clk 01:22:32]} {[%emt 00:01:22]} Nf8 {[%clk
00:57:35]} {[%emt 00:03:39]} 14. Rc1 {[%clk 01:19:54]} {[%emt 00:03:09]} Qb7
{[%clk 00:52:31]} {[%emt 00:05:34]} 15. Bg2 {[%clk 01:15:51]} {[%emt 00:04:33]}
Rd8 {[%clk 00:48:18]} {[%emt 00:04:43]} 16. O-O {[%clk 01:07:09]} {[%emt
00:09:12]} Nh7 {[%clk 00:44:19]} {[%emt 00:04:29]} 17. Rf2 {[%clk 01:03:41]}
{[%emt 00:03:58]} Kf8 {[%clk 00:43:02]} {[%emt 00:01:48]} 18. Bh3 {[%clk
01:00:52]} {[%emt 00:03:18]} Qd7 {[%clk 00:38:24]} {[%emt 00:05:08]} 19. Qc2
{[%clk 00:56:01]} {[%emt 00:05:21]} Kg7 {[%clk 00:34:23]} {[%emt 00:04:30]} 20.
Rcf1 {[%clk 00:55:16]} {[%emt 00:01:16]} cxd4 {[%clk 00:32:01]} {[%emt
00:02:52]} 21. Bxd4 {[%clk 00:55:33]} {[%emt 00:00:13]} Nxd4 {[%clk 00:26:25]}
{[%emt 00:06:06]} 22. cxd4 {[%clk 00:55:36]} {[%emt 00:00:27]} Rc8 {[%clk
00:23:13]} {[%emt 00:03:41]} 23. Qb1 {[%clk 00:55:21]} {[%emt 00:00:46]} Bxe2
{[%clk 00:16:13]} {[%emt 00:07:30]} 24. Rxe2 {[%clk 00:55:01]} {[%emt
00:00:50]} Nxg5 {[%clk 00:16:37]} {[%emt 00:00:07]} 25. fxg5 {[%clk 00:55:16]}
{[%emt 00:00:14]} Rhf8 {[%clk 00:14:44]} {[%emt 00:02:23]} 26. Ref2 {[%clk
00:54:42]} {[%emt 00:01:03]} Qa4 {[%clk 00:12:26]} {[%emt 00:02:49]} 27. Qd3
{[%clk 00:53:35]} {[%emt 00:01:37]} Rc4 {[%clk 00:09:01]} {[%emt 00:03:55]} 28.
b3 {[%clk 00:39:36]} {[%emt 00:14:29]} Rxd4 {[%clk 00:07:59]} {[%emt 00:01:31]}
29. Rxf7+ {[%clk 00:39:26]} {[%emt 00:00:41]} Rxf7 {[%clk 00:08:22]} {[%emt
00:00:07]} 30. Rxf7+ {[%clk 00:39:47]} {[%emt 00:00:08]} Kxf7 {[%clk 00:08:43]}
{[%emt 00:00:09]} 31. Qf1+ {[%clk 00:38:25]} {[%emt 00:01:53]} Rf4 {[%clk
00:09:01]} {[%emt 00:00:11]} 32. Qxf4+ {[%clk 00:33:15]} Qxf4 {[%clk 00:09:22]}
{[%emt 00:05:50]} 33. gxf4 {[%clk 00:33:41]} {[%emt 00:00:04]} Bc5+ {[%clk
00:08:40]} {[%emt 00:01:11]} 34. Kg2 {[%clk 00:33:57]} {[%emt 00:00:15]} Be3
{[%clk 00:08:47]} {[%emt 00:00:23]} 35. Kg3 {[%clk 00:33:49]} {[%emt 00:00:38]}
Bd2 {[%clk 00:09:03]} {[%emt 00:00:13]} 36. Bf1 {[%clk 00:34:07]} {[%emt
00:00:13]} Be1+ {[%clk 00:09:20]} {[%emt 00:00:13]} 37. Kh3 {[%clk 00:34:27]}
{[%emt 00:00:09]}  1/2-1/2

[Event "56th Hull Congress"]
[Site "Hull"]
[Date "2019.11.03"]
[Round "5"]
[Board "3"]
[White "Richardson, John R"]
[Black "Britton, Richard"]
[Result "1-0"]
[WhiteElo "2225"]
[BlackElo "2160"]
[PlyCount "0"]
[EventDate "2019.11.01"]
[EventRounds "5"]
[EventCountry "ENG"]

1. d4 {[%clk 01:30:59]} Nf6 {[%clk 01:30:56]} {[%emt 00:00:05]} 2. c4 {[%clk
01:31:25]} {[%emt 00:00:03]} g6 {[%clk 01:31:17]} {[%emt 00:00:09]} 3. Nf3
{[%clk 01:31:50]} {[%emt 00:00:05]} Bg7 {[%clk 01:31:43]} {[%emt 00:00:04]} 4.
g3 {[%clk 01:32:18]} {[%emt 00:00:03]} O-O {[%clk 01:32:05]} {[%emt 00:00:08]}
5. Bg2 {[%clk 01:32:46]} d6 {[%clk 01:32:27]} {[%emt 00:00:08]} 6. Nc3 {[%clk
01:33:11]} {[%emt 00:00:05]} Nc6 {[%clk 01:32:31]} {[%emt 00:00:26]} 7. O-O
{[%clk 01:33:35]} {[%emt 00:00:06]} e5 {[%clk 01:32:49]} {[%emt 00:00:12]} 8.
dxe5 {[%clk 01:33:29]} {[%emt 00:00:37]} dxe5 {[%clk 01:33:14]} {[%emt
00:00:05]} 9. Bg5 {[%clk 01:33:53]} {[%emt 00:00:06]} Be6 {[%clk 01:33:41]}
{[%emt 00:00:03]} 10. Qc1 {[%clk 01:32:30]} {[%emt 00:01:53]} Qc8 {[%clk
01:32:48]} {[%emt 00:01:23]} 11. b3 {[%clk 01:17:17]} {[%emt 00:15:43]} Bh3
{[%clk 01:25:04]} {[%emt 00:08:13]} 12. Bxf6 {[%clk 01:16:38]} {[%emt
00:01:09]} Bxf6 {[%clk 01:24:57]} {[%emt 00:00:36]} 13. Nd5 {[%clk 01:17:06]}
{[%emt 00:00:03]} Bd8 {[%clk 01:23:21]} {[%emt 00:02:06]} 14. Qh6 {[%clk
01:17:15]} {[%emt 00:00:21]} Bxg2 {[%clk 01:21:56]} {[%emt 00:01:55]} 15. Kxg2
{[%clk 01:17:44]} {[%emt 00:00:01]} f6 {[%clk 01:17:57]} {[%emt 00:04:29]} 16.
Rad1 {[%clk 01:16:03]} {[%emt 00:02:11]} Qe6 {[%clk 00:56:51]} {[%emt
00:21:36]} 17. Rd2 {[%clk 01:15:02]} {[%emt 00:01:32]} Rf7 {[%clk 00:37:04]}
{[%emt 00:20:16]} 18. Rfd1 {[%clk 01:15:25]} {[%emt 00:00:07]} a5 {[%clk
00:35:10]} {[%emt 00:02:24]} 19. a3 {[%clk 01:12:27]} {[%emt 00:03:28]} Qe8
{[%clk 00:29:29]} {[%emt 00:06:11]} 20. e4 {[%clk 00:56:54]} {[%emt 00:16:03]}
Rg7 {[%clk 00:22:59]} {[%emt 00:06:59]} 21. h4 {[%clk 00:53:12]} {[%emt
00:04:13]} Qf8 {[%clk 00:19:20]} {[%emt 00:04:09]} 22. b4 {[%clk 00:52:38]}
{[%emt 00:01:04]} axb4 {[%clk 00:19:44]} {[%emt 00:00:06]} 23. axb4 {[%clk
00:53:07]} {[%emt 00:00:02]} Rc8 {[%clk 00:17:18]} {[%emt 00:02:55]} 24. Qe3
{[%clk 00:49:20]} {[%emt 00:04:16]} Be7 {[%clk 00:10:22]} {[%emt 00:07:26]} 25.
c5 {[%clk 00:48:35]} {[%emt 00:01:16]} Kh8 {[%clk 00:09:38]} {[%emt 00:01:14]}
26. Qb3 {[%clk 00:47:49]} {[%emt 00:01:15]} Nb8 {[%clk 00:09:08]} {[%emt
00:01:01]} 27. h5 {[%clk 00:46:07]} {[%emt 00:02:12]} Bd8 {[%clk 00:09:11]}
{[%emt 00:00:27]} 28. hxg6 {[%clk 00:37:39]} {[%emt 00:08:58]} hxg6 {[%clk
00:09:36]} {[%emt 00:00:05]} 29. Rh1+ {[%clk 00:38:08]} {[%emt 00:00:01]} Rh7
{[%clk 00:10:00]} {[%emt 00:00:06]} 30. Rdd1 {[%clk 00:38:33]} {[%emt
00:00:05]} c6 {[%clk 00:08:47]} {[%emt 00:01:43]} 31. Rxh7+ {[%clk 00:38:58]}
{[%emt 00:00:04]} Kxh7 {[%clk 00:09:12]} {[%emt 00:00:06]} 32. Ne3 {[%clk
00:38:30]} {[%emt 00:00:58]} Qg8 {[%clk 00:08:25]} {[%emt 00:01:17]} 33. Qd3
{[%clk 00:38:32]} {[%emt 00:00:27]} Bc7 {[%clk 00:07:43]} {[%emt 00:01:12]} 34.
Ng4 {[%clk 00:27:42]} {[%emt 00:11:20]} Qe6 {[%clk 00:07:46]} {[%emt 00:00:28]}
35. Rh1+ {[%clk 00:26:10]} {[%emt 00:02:02]} Kg7 {[%clk 00:07:43]} {[%emt
00:00:33]} 36. Qe3 {[%clk 00:25:27]} {[%emt 00:01:14]} Rg8 {[%clk 00:07:46]}
{[%emt 00:00:26]} 37. Qh6+ {[%clk 00:25:10]} {[%emt 00:00:46]} Kf7 {[%clk
00:08:11]} {[%emt 00:00:05]} 38. Qh7+ {[%emt 00:02:41]}  1-0